000 01226nam a2200337 4500
003 EG-GICUC
005 20260121101157.0
008 251108s1993 ua ||||fr|||| 000 0 ara d
017 _a19813928
020 _a19772564688
040 _a EG-GICUC
_c EG-GICUC
_d EG-GICUC
_erda
_bara
041 0 _aara
082 0 4 _221
_a255
_bي و . ن
092 0 4 _221
099 _aLaw1 01 255 ي و . ن 1993
100 0 _aيوسف قاسم
_eمؤلف.
245 1 0 _aنظرية الضرورة في الفقه الجنائي الاسلامي و القانون الجنائي الوضعي/
_cيوسف قاسم.
264 1 _aالقاهرة :
_bدار النهضة العربية،
_c1993.
300 _a453 صفحة :
_bصفحات غير مرقمة ؛
_c24 سم.
336 _2rda content
_atext
337 _2rda media
_aComputer
338 _2rda carrier
_aOnline Resource
504 _a ببليوجرافيا صفحات : 437 - 449
504 _aيشتمل على إرجاعات ببليوجرافية.
546 _aالنص باللغة العربية
650 1 _2الجنايات
651 1 _2qrmak
856 4 0 _uhttps://fll.law.cu.edu.eg/fulltext/bks/B01-03088.pdf
905 _a62
942 _2ddc
_n0
_cBK
_e21
999 _c41753
_d41753